[Event "EU-ch Online U14"]
[Site "Tornelo INT"]
[Date "2020.09.20"]
[Round "8"]
[White "Blackford, Ross"]
[Black "Burdot, Louis"]
[Result "1/2-1/2"]
[WhiteElo "1319"]
[BlackElo "1641"]
[PlyCount "98"]
[EventDate "2020.09.18"]
[EventType "swiss (rapid)"]
[EventRounds "9"]
[EventCountry "NET"]
[SourceTitle "EXT 2023"]
[Source "ChessBase"]
[SourceDate "2022.10.05"]
[SourceVersion "1"]
[SourceVersionDate "2022.10.05"]
[SourceQuality "1"]
[WhiteTeam "Schottland"]
[BlackTeam "Luxembourg"]
[WhiteTeamCountry "SCO"]
[BlackTeamCountry "LUX"]

1. e4 c5 2. Nf3 d6 3. d4 cxd4 4. Nxd4 Nf6 5. Nc3 a6 6. a4 e6 7. f3 Be7 8. Be3 0-0 9. Be2 Nbd7 10. 0-0 Qc7 11. a5 Ne5 12. Qd2 Nc4 13. Bxc4 Qxc4 14. Na4 Nd7 15. Rfd1 Qc7 16. Nb3 Nc5 17. Naxc5 dxc5 18. c4 Bd7 19. Qf2 Rac8 20. Rd2 Rfd8 21. Rad1 Ba4 22. Rxd8+ Bxd8 23. Rd3 Bxb3 24. Rxb3 Qd7 25. Qd2 Qe7 26. Rd3 Qc7 27. Rd7 Qxa5 28. Qxa5 Bxa5 29. Rxb7 Bb4 30. Kf1 Kf8 31. Ke2 Ke8 32. b3 h5 33. h3 g6 34. g4 hxg4 35. hxg4 a5 36. Bg5 Bc3 37. Re7+ Kf8 38. Rb7 f6 39. Be3 Bd4 40. Kd3 e5 41. Bxd4 exd4 42. Rb5 Ke7 43. Rxa5 Ke6 44. f4 g5 45. f5+ Ke5 46. b4 Kf4 47. Rxc5 Rd8 48. Rd5 Rb8 49. b5 Kxg4 1/2-1/2

[Event "EU-ch Online U14"]
[Site "Tornelo INT"]
[Date "2020.09.18"]
[Round "2"]
[White "Sredanovic, Matej"]
[Black "Burdot, Louis"]
[Result "0-1"]
[WhiteElo "1098"]
[BlackElo "1641"]
[PlyCount "64"]
[EventDate "2020.09.18"]
[EventType "swiss (rapid)"]
[EventRounds "9"]
[EventCountry "NET"]
[SourceTitle "EXT 2023"]
[Source "ChessBase"]
[SourceDate "2022.10.05"]
[SourceVersion "1"]
[SourceVersionDate "2022.10.05"]
[SourceQuality "1"]
[WhiteTeam "Montenegro"]
[BlackTeam "Luxembourg"]
[WhiteTeamCountry "MNE"]
[BlackTeamCountry "LUX"]

1. e4 e5 2. Nf3 Nf6 3. Nxe5 Nxe4 4. Qe2 Qe7 5. Qxe4 d6 6. f4 f6 7. d4 Nd7 8. Be2 dxe5 9. fxe5 fxe5 10. dxe5 Qxe5 11. Qxe5+ Nxe5 12. 0-0 Bc5+ 13. Kh1 Bg4 14. Bxg4 Nxg4 15. Re1+ Kd7 16. h3 Nf2+ 17. Kh2 Rae8 18. Rd1+ Nxd1 19. Bf4 Rhf8 20. Bg3 Bf2 21. Bxf2 Rxf2 22. Na3 Re1 23. Rc1 Rff1 24. c4 Rh1+ 25. Kg3 Re3+ 26. Kf4 Rf1+ 27. Kg4 Nf2+ 28. Kf4 Re4+ 29. Kf3 Rxc1 30. Kxf2 Rce1 31. Nc2 R4e2+ 32. Kf3 Rxc2 0-1

[Event "Innsbruck op-B 3rd"]
[Site "Innsbruck"]
[Date "2019.08.30"]
[Round "8"]
[White "Burdot, Louis"]
[Black "Pregl, Walter"]
[Result "0-1"]
[WhiteElo "1571"]
[BlackElo "1966"]
[PlyCount "60"]
[EventDate "2019.08.25"]
[EventType "swiss"]
[EventRounds "9"]
[EventCountry "AUT"]
[SourceTitle "EXT 2020"]
[Source "ChessBase"]
[SourceDate "2019.10.17"]
[SourceVersion "1"]
[SourceVersionDate "2019.10.17"]
[SourceQuality "1"]

1. e4 e5 2. Nf3 Nc6 3. Bb5 a6 4. Ba4 Nf6 5. 0-0 Be7 6. Re1 b5 7. Bb3 0-0 8. c3 d5 9. exd5 Nxd5 10. Nxe5 Nxe5 11. Rxe5 Nb6 12. d4 Bd6 13. Re1 Bb7 14. Qg4 Qf6 15. Qg5 Rae8 16. Rf1 Qxg5 17. Bxg5 Re4 18. f3 Re2 19. Bd2 Rfe8 20. Bd1 R2e7 21. b3 c5 22. g3 b4 23. Kf2 bxc3 24. Bxc3 Nd5 25. Bd2 cxd4 26. Re1 Bc5 27. Rxe7 Rxe7 28. Kf1 Bc8 29. Bc2 d3 30. Bxd3 Bh3# 0-1

[Event "Innsbruck op-B 3rd"]
[Site "Innsbruck"]
[Date "2019.08.29"]
[Round "7"]
[White "Burdot, Louis"]
[Black "Hofer, Franz"]
[Result "1-0"]
[WhiteElo "1571"]
[BlackElo "1768"]
[PlyCount "55"]
[EventDate "2019.08.25"]
[EventType "swiss"]
[EventRounds "9"]
[EventCountry "AUT"]
[SourceTitle "EXT 2020"]
[Source "ChessBase"]
[SourceDate "2019.10.17"]
[SourceVersion "1"]
[SourceVersionDate "2019.10.17"]
[SourceQuality "1"]

1. e4 e6 2. d3 d5 3. Nd2 c5 4. Ngf3 Nc6 5. g3 Bd6 6. Bg2 Nge7 7. 0-0 b5 8. Re1 f6 9. exd5 exd5 10. c4 Nb4 11. Re3 0-0 12. a3 Nxd3 13. Rxd3 bxc4 14. Nxc4 Ba6 15. b3 Rb8 16. Rxd5 Bxc4 17. Rxd6 Qc7 18. bxc4 Qa5 19. Qe1 Qc7 20. Qe6+ Rf7 21. Rd7 Rb6 22. Qxf7+ Kxf7 23. Rxc7 Ke8 24. Bf4 g5 25. Re1 gxf4 26. Rexe7+ Kd8 27. Rxa7 fxg3 28. Rxh7 1-0

[Event "Innsbruck op-B 3rd"]
[Site "Innsbruck"]
[Date "2019.08.25"]
[Round "1"]
[White "Roesch, Julian"]
[Black "Burdot, Louis"]
[Result "1-0"]
[WhiteElo "1826"]
[BlackElo "1571"]
[PlyCount "95"]
[EventDate "2019.08.25"]
[EventType "swiss"]
[EventRounds "9"]
[EventCountry "AUT"]
[SourceTitle "EXT 2020"]
[Source "ChessBase"]
[SourceDate "2019.10.17"]
[SourceVersion "1"]
[SourceVersionDate "2019.10.17"]
[SourceQuality "1"]

1. e4 c5 2. d4 cxd4 3. c3 dxc3 4. Nxc3 d6 5. Nf3 Nf6 6. Bc4 Nc6 7. e5 dxe5 8. Qxd8+ Kxd8 9. Ng5 Ke8 10. Bxf7+ Kd8 11. Bb3 Ke8 12. Nb5 Rb8 13. Be3 e6 14. 0-0-0 Ng4 15. Nc7+ Ke7 16. Bc5+ Kf6 17. Ne4+ Kg6 18. Nxe6 Bxe6 19. Bxe6 Bxc5 20. Bxg4 Bd4 21. h4 Rhf8 22. h5+ Kh6 23. f3 Nb4 24. Be6 Rfe8 25. Rxd4 exd4 26. g4 g5 27. hxg6+ Kxg6 28. Bf5+ Kg7 29. Rxh7+ Kf8 30. Nf6 Re7 31. Nd7+ Rxd7 32. Rxd7 Nxa2+ 33. Kd2 Nb4 34. g5 Nc6 35. g6 Ne7 36. Be4 Re8 37. Rxb7 a5 38. Kd3 Rd8 39. g7+ Kf7 40. Rxe7+ Kxe7 41. Bd5 Rxd5 42. g8Q Kd6 43. Qg6+ Kc5 44. Qa6 Rd6 45. Qxa5+ Kc6 46. Qa6+ Kd5 47. Qxd6+ Kxd6 48. Kxd4 1-0

[Event "EU Union-ch U14 17th"]
[Site "Mureck"]
[Date "2019.08.05"]
[Round "6"]
[White "Gamsa, Clemens"]
[Black "Burdot, Louis"]
[Result "1/2-1/2"]
[WhiteElo "1640"]
[BlackElo "1571"]
[PlyCount "66"]
[EventDate "2019.07.31"]
[EventType "swiss"]
[EventRounds "9"]
[EventCountry "AUT"]
[SourceTitle "EXT 2020"]
[Source "ChessBase"]
[SourceDate "2019.10.17"]
[SourceVersion "1"]
[SourceVersionDate "2019.10.17"]
[SourceQuality "1"]

1. e4 c5 2. Nf3 d6 3. Bb5+ Bd7 4. Bxd7+ Qxd7 5. 0-0 Nf6 6. d3 g6 7. Bg5 Bg7 8. h3 0-0 9. c3 Nc6 10. Qd2 Rfd8 11. Na3 Ne5 12. Nxe5 dxe5 13. Bxf6 Bxf6 14. Rad1 Qe6 15. b3 Rd7 16. Qe2 Qa6 17. Nc4 Rad8 18. Ne3 e6 19. Ng4 Bg7 20. c4 Qd6 21. Qe3 f5 22. Nh2 Qd4 23. Qxd4 Rxd4 24. Nf3 Rxd3 25. Rxd3 Rxd3 26. Ng5 Rd6 27. Re1 Bf6 28. Nf3 f4 29. g3 Rd3 30. Kg2 g5 31. Re2 h5 32. Rd2 Rxd2 33. Nxd2 g4 1/2-1/2

[Event "EU Union-ch U14 17th"]
[Site "Mureck"]
[Date "2019.07.31"]
[Round "1"]
[White "Burdot, Louis"]
[Black "Kan, Efim"]
[Result "0-1"]
[WhiteElo "1571"]
[BlackElo "1892"]
[PlyCount "38"]
[EventDate "2019.07.31"]
[EventType "swiss"]
[EventRounds "9"]
[EventCountry "AUT"]
[SourceTitle "EXT 2020"]
[Source "ChessBase"]
[SourceDate "2019.10.17"]
[SourceVersion "1"]
[SourceVersionDate "2019.10.17"]
[SourceQuality "1"]

1. e4 c5 2. Nf3 Nc6 3. d4 cxd4 4. Nxd4 e5 5. Nb3 Nf6 6. Bg5 Be7 7. Bc4 0-0 8. Bxf6 Bxf6 9. Nc3 d6 10. 0-0 a6 11. a4 Be6 12. Nd5 Bg5 13. a5 Rc8 14. Ra4 Bxd5 15. Qxd5 Qd7 16. Rd1 Ne7 17. Nc5 Rxc5 18. Qxc5 Qxa4 19. Rxd6 h6 0-1

[Event "Dortmund Sparkassen op-B 47th"]
[Site "Dortmund"]
[Date "2019.07.15"]
[Round "3"]
[White "Burdot, Louis"]
[Black "Koelz, Niklas"]
[Result "0-1"]
[WhiteElo "1539"]
[BlackElo "1975"]
[PlyCount "46"]
[EventDate "2019.07.13"]
[EventType "swiss"]
[EventRounds "9"]
[EventCountry "GER"]
[SourceTitle "CBM 192 Extra"]
[Source "Chessbase"]
[SourceDate "2019.11.06"]
[SourceVersion "1"]
[SourceVersionDate "2019.11.06"]
[SourceQuality "1"]

1. e4 c5 2. Nf3 e6 3. d3 Qc7 4. g3 b6 5. Bg2 Bb7 6. 0-0 Be7 7. Re1 Nf6 8. Bf4 d6 9. e5 Nfd7 10. exd6 Bxd6 11. Bxd6 Qxd6 12. Nc3 a6 13. Ne4 Qc7 14. Qe2 h6 15. Rad1 0-0 16. Nh4 Nc6 17. Qh5 Ne7 18. g4 Nd5 19. g5 Nf4 20. Qg4 hxg5 21. Qxg5 f5 22. Ng3 Bxg2 23. Nxg2 Nh3+ 0-1

[Event "EU-ch U10 26th"]
[Site "Prague"]
[Date "2016.08.24"]
[Round "6"]
[White "Burdot, Louis"]
[Black "Dieguez Novoa, Benjamin"]
[Result "1/2-1/2"]
[WhiteElo "1202"]
[BlackElo "1068"]
[PlyCount "73"]
[EventDate "2016.08.18"]
[EventType "swiss"]
[EventRounds "9"]
[EventCountry "CZE"]
[SourceTitle "CBM 174 Extra"]
[Source "ChessBase"]
[SourceDate "2016.10.10"]
[SourceVersion "1"]
[SourceVersionDate "2016.10.10"]
[SourceQuality "1"]

1. e4 c6 2. d4 d5 3. exd5 cxd5 4. c4 e6 5. Nc3 Nf6 6. Bg5 h6 7. Bh4 Be7 8. c5 Nbd7 9. Bd3 Rb8 10. Bb5 a6 11. Be2 b5 12. c6 Nb6 13. c7 Qxc7 14. Bg3 Bd6 15. Bxb5+ Nfd7 16. Bxd6 Qxd6 17. Bxd7+ Bxd7 18. b3 0-0 19. Nf3 Qb4 20. Qd2 Rbc8 21. Ne4 Qe7 22. Nc5 Bb5 23. a4 Bd7 24. Ne5 Rfd8 25. Nexd7 Nxd7 26. Nxa6 Qf6 27. 0-0 e5 28. Rac1 Qxa6 29. Rxc8 Rxc8 30. dxe5 Nxe5 31. Qxd5 Ng4 32. Qf5 Nf6 33. h3 Rc3 34. Rb1 Qb6 35. b4 Rc4 36. a5 Qb7 37. b5 1/2-1/2

[Event "EU-ch U10 26th"]
[Site "Prague"]
[Date "2016.08.20"]
[Round "3"]
[White "Kanli, Alperen"]
[Black "Burdot, Louis"]
[Result "1-0"]
[WhiteElo "1470"]
[BlackElo "1202"]
[PlyCount "37"]
[EventDate "2016.08.18"]
[EventType "swiss"]
[EventRounds "9"]
[EventCountry "CZE"]
[SourceTitle "CBM 174 Extra"]
[Source "ChessBase"]
[SourceDate "2016.10.10"]
[SourceVersion "1"]
[SourceVersionDate "2016.10.10"]
[SourceQuality "1"]

1. e4 e5 2. Nf3 Nf6 3. Nxe5 d6 4. Nf3 Nxe4 5. Nc3 Nxc3 6. dxc3 Be7 7. Be3 0-0 8. Qd2 Nc6 9. 0-0-0 Be6 10. Bd3 a5 11. h4 Bxa2 12. Qe2 Be6 13. Ng5 Bxg5 14. hxg5 g6 15. Rh6 f6 16. Rxh7 Kxh7 17. Qh5+ Kg7 18. Qxg6+ Kh8 19. Rh1+ 1-0

[Event "GER-ch U25-B"]
[Site "Willingen"]
[Date "2016.05.20"]
[Round "8"]
[White "Burdot, Louis"]
[Black "Zwecker, Simon"]
[Result "1-0"]
[WhiteElo "1214"]
[BlackElo "916"]
[PlyCount "53"]
[EventDate "2016.05.15"]
[EventType "swiss"]
[EventRounds "9"]
[EventCountry "GER"]
[SourceTitle "CBM 172 Extra"]
[Source "ChessBase"]
[SourceDate "2016.06.21"]
[SourceVersion "1"]
[SourceVersionDate "2016.06.21"]
[SourceQuality "1"]

1. e4 e5 2. d4 exd4 3. c3 dxc3 4. Nxc3 Nc6 5. Bc4 Nf6 6. Nf3 Bb4 7. 0-0 d6 8. Re1 0-0 9. a3 Bxc3 10. bxc3 Be6 11. Bd5 Bxd5 12. exd5 Ne7 13. c4 Re8 14. Qb3 Rb8 15. Be3 b6 16. Nd4 Qd7 17. Qb5 Qxb5 18. Nxb5 Rb7 19. a4 a6 20. Nd4 b5 21. axb5 axb5 22. Nxb5 Nexd5 23. Nxd6 cxd6 24. cxd5 Nxd5 25. Bf4 Rbe7 26. Rxe7 Rxe7 27. Ra8+ 1-0

[Event "GER-ch U25 op-B"]
[Site "Willingen"]
[Date "2015.05.29"]
[Round "8"]
[White "Burdot, Louis"]
[Black "Kalina, Joshua"]
[Result "0-1"]
[WhiteElo "1113"]
[BlackElo "1298"]
[PlyCount "104"]
[EventDate "2015.05.24"]
[EventType "swiss"]
[EventRounds "9"]
[EventCountry "GER"]
[SourceTitle "CBM 166 Extra"]
[Source "ChessBase"]
[SourceDate "2015.06.18"]
[SourceVersion "1"]
[SourceVersionDate "2015.06.18"]
[SourceQuality "1"]

1. e4 e5 2. Nf3 Nc6 3. d4 exd4 4. Nxd4 Bc5 5. Be3 Qf6 6. c3 Nge7 7. g3 0-0 8. Bg2 Bb6 9. 0-0 d6 10. Re1 Re8 11. Na3 h6 12. Nc4 Be6 13. Nxb6 axb6 14. a3 Bd7 15. Nxc6 Nxc6 16. Bf4 Re7 17. Qd3 Rae8 18. Qf1 Ne5 19. Re3 Ng6 20. Rae1 Nxf4 21. gxf4 Qxf4 22. Qd3 Qg5 23. Kh1 Bc6 24. Qd4 Re5 25. Rg3 Qf6 26. Rge3 Qxf2 27. b4 Qf6 28. Rf1 Qg6 29. Rg3 Rg5 30. Rxg5 Qxg5 31. Qc4 Qg6 32. Rg1 Bxe4 33. Bxe4 Qxe4+ 34. Qxe4 Rxe4 35. Rc1 f5 36. c4 Re5 37. Kg2 Kf7 38. Kf3 Kf6 39. h4 g5 40. hxg5+ hxg5 41. Kf2 f4 42. Kf3 Kf5 43. Kf2 g4 44. Kg2 g3 45. Kf3 Re3+ 46. Kg2 Kg4 47. Kf1 f3 48. Kg1 Rxa3 49. c5 bxc5 50. bxc5 dxc5 51. Rxc5 Ra1+ 52. Rc1 Rxc1# 0-1

[Event "GER-ch U25 op-B"]
[Site "Willingen"]
[Date "2015.05.28"]
[Round "7"]
[White "Burdot, Louis"]
[Black "Schneider, Katharina"]
[Result "1-0"]
[WhiteElo "1113"]
[BlackElo "1084"]
[PlyCount "59"]
[EventDate "2015.05.24"]
[EventType "swiss"]
[EventRounds "9"]
[EventCountry "GER"]
[SourceTitle "CBM 166 Extra"]
[Source "ChessBase"]
[SourceDate "2015.06.18"]
[SourceVersion "1"]
[SourceVersionDate "2015.06.18"]
[SourceQuality "1"]

1. e4 e5 2. Nf3 Nc6 3. d4 exd4 4. Nxd4 Bc5 5. Be3 Qf6 6. c3 Qg6 7. Qd3 Nf6 8. Nd2 0-0 9. Nxc6 Bxe3 10. Ne7+ Kh8 11. Nxg6+ fxg6 12. Qxe3 d5 13. g3 Re8 14. Bg2 Nxe4 15. f3 Nf6 16. Ne4 dxe4 17. fxe4 Bf5 18. 0-0-0 Bxe4 19. Bxe4 Rxe4 20. Qf3 Rae8 21. Rd4 b6 22. Rxe4 Rxe4 23. g4 Rxg4 24. Qa8+ Ng8 25. Rf1 h6 26. Rf8 Kh7 27. Rxg8 g5 28. Rh8+ Kg6 29. Qe8+ Kf5 30. Rf8# 1-0

[Event "GER-ch U25 op-B"]
[Site "Willingen"]
[Date "2015.05.24"]
[Round "2"]
[White "Grey, Anna"]
[Black "Burdot, Louis"]
[Result "0-1"]
[WhiteElo "853"]
[BlackElo "1113"]
[PlyCount "92"]
[EventDate "2015.05.24"]
[EventType "swiss"]
[EventRounds "9"]
[EventCountry "GER"]
[SourceTitle "CBM 166 Extra"]
[Source "ChessBase"]
[SourceDate "2015.06.18"]
[SourceVersion "1"]
[SourceVersionDate "2015.06.18"]
[SourceQuality "1"]

1. c4 e5 2. Nc3 Nf6 3. e4 Bc5 4. g3 0-0 5. Bg2 Nc6 6. a3 a5 7. d3 d6 8. Nf3 Ng4 9. 0-0 Nxf2 10. Rxf2 Bxf2+ 11. Kxf2 Bg4 12. Be3 Nd4 13. Bxd4 exd4 14. Ne2 c6 15. Nexd4 c5 16. Nc2 Qd7 17. Ne3 Bxf3 18. Qxf3 b5 19. cxb5 Qxb5 20. Qe2 Rab8 21. Ra2 Qb3 22. Ra1 Qxb2 23. Re1 Qxa3 24. Nf5 Rb2 25. Bf3 Rxe2+ 26. Bxe2 Rd8 27. Rd1 g6 28. Nh6+ Kg7 29. Ng4 d5 30. exd5 Rxd5 31. Ne3 Rd8 32. Kf1 Qc3 33. Kf2 a4 34. Nc4 a3 35. h3 a2 36. Kf3 a1Q 37. Rxa1 Qxa1 38. Nd2 Qf6+ 39. Kg2 Qb2 40. Kf2 Qxd2 41. Kf3 Re8 42. Bf1 Re3+ 43. Kf4 Re1+ 44. Kg4 Rxf1 45. h4 f5+ 46. Kh3 Rh1# 0-1